[Event "34th Zalakaros Open 2015"]
[Site "Zalakaros HUN"]
[Date "2015.05.20"]
[Round "7.22"]
[White "Nemeth, Miklos1"]
[Black "Kantor, Gergely"]
[Result "1/2-1/2"]
[WhiteTitle "IM"]
[BlackTitle "IM"]
[WhiteElo "2478"]
[BlackElo "2402"]
[WhiteFideId "720232"]
[BlackFideId "751499"]
[EventDate "2015.05.14"]
[EventType "swiss"]

1. e4 e5 2. Nf3 Nc6 3. d4 exd4 4. Nxd4 Bc5 5. Nb3 Bb6 6. Nc3 d6 7. Qe2 a5 8. a4
Nb4 9. g3 Nf6 10. Bg2 Bg4 11. Qd2 Qc8 12. h3 Be6 13. Ra3 O-O 14. Kf1 Re8 15. Kg1
Nd7 16. Ne2 Ne5 17. Qc3 Bc4 18. Nf4 d5 19. exd5 Qf5 20. Be3 Bxe3 21. fxe3 Qxc2
22. Nd2 Ba6 23. Qxc2 Nxc2 24. Rc3 Nb4 25. Kh2 c6 26. dxc6 Nexc6 27. Ne4 Rad8 1/2-1/2

[Event "34th Zalakaros Open 2015"]
[Site "Zalakaros HUN"]
[Date "2015.05.20"]
[Round "7.23"]
[White "Torma, Robert"]
[Black "Gulamali, Kazim"]
[Result "1/2-1/2"]
[WhiteTitle "IM"]
[BlackTitle "FM"]
[WhiteElo "2440"]
[BlackElo "2309"]
[WhiteFideId "719030"]
[BlackFideId "2024764"]
[EventDate "2015.05.14"]
[EventType "swiss"]

1. d4 Nf6 2. c4 e6 3. Nc3 Bb4 4. e3 O-O 5. Bd3 d5 6. Nf3 dxc4 7. Bxc4 c5 8. O-O
cxd4 9. exd4 b6 10. Bg5 Bb7 11. Rc1 Nbd7 12. Re1 Rc8 13. Bd3 Bxc3 14. bxc3 Qc7
15. Bh4 Qf4 16. Bg3 Qg4 17. h3 Qh5 18. Be2 Qd5 19. c4 Qc6 20. Nh4 Ne4 21. Bf3 f5
22. Bxe4 fxe4 23. Qd2 Nf6 24. Qg5 Qd7 25. Be5 Qf7 26. Re2 Nd7 27. Bd6 Qf6 28.
Qxf6 Rxf6 29. g3 Rh6 30. Bf4 Rh5 31. Be3 e5 32. Rd2 exd4 33. Bxd4 Nf8 34. Be3
Rc6 35. Kh2 Bc8 36. Rd8 Kf7 37. f4 Ne6 38. Rd2 Nc5 39. Rd5 g6 40. Rxh5 gxh5 41.
f5 Ba6 42. g4 hxg4 43. hxg4 Nd3 44. Rc3 Bxc4 45. g5 b5 46. g6+ hxg6 47. fxg6+
Ke6 48. Bxa7 Ra6 49. g7 Kf7 50. Bd4 Rxa2+ 51. Kg3 Ra6 52. Nf5 Rg6+ 53. Kh4 Ne1
54. g8=Q+ Kxg8 55. Ne7+ Kf7 56. Nxg6 Kxg6 57. Kg4 Nd3 58. Rc2 Be6+ 59. Kg3 Bc4
60. Kg4 Be6+ 61. Kg3 Bc4 1/2-1/2

[Event "34th Zalakaros Open 2015"]
[Site "Zalakaros HUN"]
[Date "2015.05.20"]
[Round "7.24"]
[White "Csonka, Balazs"]
[Black "Reznak, Attila"]
[Result "1-0"]
[WhiteTitle "FM"]
[WhiteElo "2433"]
[BlackElo "2304"]
[WhiteFideId "742910"]
[BlackFideId "727407"]
[EventDate "2015.05.14"]
[EventType "swiss"]

1. d4 d5 2. Nf3 Nf6 3. c4 c6 4. Nc3 e6 5. g3 Nbd7 6. Bg2 Be7 7. O-O O-O 8. b3 b6
9. Bb2 Ba6 10. Nd2 Rc8 11. Re1 Qc7 12. e4 dxe4 13. Ndxe4 Nxe4 14. Nxe4 Nf6 15.
Qc2 h6 16. d5 Nxe4 17. Qxe4 cxd5 18. Qg4 d4 19. Bxd4 Bg5 20. h4 f5 21. Qe2 Bf6
22. Qxe6+ Kh8 23. Bxf6 Rxf6 24. Qe5 Qf7 25. Qe7 Rc7 26. Qd8+ Kh7 27. Rad1 Bb7
28. Bxb7 Rxb7 29. Re8 f4 30. Rh8+ Kg6 31. Qd3+ 1-0

[Event "34th Zalakaros Open 2015"]
[Site "Zalakaros HUN"]
[Date "2015.05.20"]
[Round "7.25"]
[White "Dragnev, Valentin"]
[Black "Meszaros, Tamas"]
[Result "1/2-1/2"]
[WhiteTitle "FM"]
[BlackTitle "IM"]
[WhiteElo "2385"]
[BlackElo "2421"]
[WhiteFideId "1634852"]
[BlackFideId "717410"]
[EventDate "2015.05.14"]
[EventType "swiss"]

1. e4 c5 2. Nf3 Nc6 3. d4 cxd4 4. Nxd4 e6 5. Nc3 Qc7 6. Be3 Nf6 7. Qf3 Be7 8.
Ndb5 Qb8 9. Qg3 O-O 10. Qxb8 Rxb8 11. Nxa7 Bb4 12. Bd3 d5 13. exd5 Nxd5 14. Nxc6
bxc6 15. Bd2 Nxc3 16. bxc3 Ba3 17. O-O Rd8 18. Rfb1 Ra8 19. Be3 Ba6 20. c4 Bd6
21. a4 Be5 22. Ra3 Bd4 23. Kf1 g6 24. Ke2 e5 25. a5 c5 26. g4 e4 27. Bxe4 Bxc4+
28. Kf3 Bd5 29. Bxd5 Rxd5 30. Rd1 Rd6 31. g5 Rda6 32. Bxd4 cxd4 33. Rxd4 Rxa5
34. Rxa5 Rxa5 35. h4 h6 36. gxh6 Kh7 37. c4 Kxh6 38. Rd3 Rc5 39. Rc3 Kh5 40. Ke4
Kxh4 41. Kd4 Rc8 42. c5 f5 43. Ke5 g5 44. c6 f4 45. c7 f3 46. Kd6 g4 47. Kd7
Rxc7+ 48. Kxc7 Kh3 49. Kd6 Kg2 50. Ke5 g3 51. fxg3 f2 52. Rc1 Kxg3 53. Ke4 Kg2
54. Rc2 Kg1 55. Rc1+ f1=Q 56. Rxf1+ Kxf1 1/2-1/2

[Event "34th Zalakaros Open 2015"]
[Site "Zalakaros HUN"]
[Date "2015.05.20"]
[Round "7.26"]
[White "Bagi, Mate"]
[Black "Baskin, Robert"]
[Result "1/2-1/2"]
[WhiteTitle "FM"]
[BlackTitle "FM"]
[WhiteElo "2417"]
[BlackElo "2333"]
[WhiteFideId "742570"]
[BlackFideId "24662402"]
[EventDate "2015.05.14"]
[EventType "swiss"]

1. e4 e6 2. d3 c5 3. Nf3 Nc6 4. g3 d5 5. Qe2 Nge7 6. Bg2 g6 7. h4 h6 8. O-O Bg7
9. e5 O-O 10. Re1 Kh7 11. c3 f6 12. Bf4 fxe5 13. Nxe5 Rf5 14. Nxc6 Nxc6 15. Be3
b6 16. Na3 Ba6 17. Rad1 Qd6 18. f4 Re8 19. c4 1/2-1/2

[Event "34th Zalakaros Open 2015"]
[Site "Zalakaros HUN"]
[Date "2015.05.20"]
[Round "7.27"]
[White "Farkas, Richard"]
[Black "Ekdyshman, Mikhail"]
[Result "0-1"]
[BlackTitle "IM"]
[WhiteElo "2265"]
[BlackElo "2362"]
[WhiteFideId "703850"]
[BlackFideId "4149416"]
[EventDate "2015.05.14"]
[EventType "swiss"]

1. e4 c5 2. Nf3 g6 3. d3 Bg7 4. g3 Nc6 5. Bg2 Rb8 6. O-O b5 7. Re1 d6 8. Nbd2 e6
9. h4 Nge7 10. Nf1 h6 11. c3 b4 12. Qc2 bxc3 13. bxc3 O-O 14. Be3 Ba6 15. N1d2
Qa5 16. Rec1 Rfc8 17. Nc4 Qd8 18. Bf4 e5 19. Be3 Rc7 20. h5 g5 21. Rab1 Rxb1 22.
Rxb1 Bc8 23. Nh2 f5 24. f4 exf4 25. gxf4 g4 26. Nf1 d5 27. exd5 Nxd5 28. Bxc5
Nxc3 29. Bf2 Nd4 30. Qb2 Nde2+ 31. Kh2 Nxf4 32. Qb3 Nxb1 33. Bg3 Nxg2 34. Nd6+
Kh7 35. Qxb1 Nh4 36. Ne3 Rc6 37. Qb8 Qb6 38. Qa8 Qb2+ 39. Kg1 Nf3+ 0-1

[Event "34th Zalakaros Open 2015"]
[Site "Zalakaros HUN"]
[Date "2015.05.20"]
[Round "7.28"]
[White "Madl, Ildiko"]
[Black "Tantsiura, Maria"]
[Result "1-0"]
[WhiteTitle "IM"]
[BlackTitle "WIM"]
[WhiteElo "2356"]
[BlackElo "2262"]
[WhiteFideId "700550"]
[BlackFideId "14124327"]
[EventDate "2015.05.14"]
[EventType "swiss"]

1. e4 c5 2. Nf3 e6 3. b3 a6 4. Qe2 Nc6 5. Bb2 Nge7 6. g3 d5 7. exd5 Nxd5 8. Bg2
Nf6 9. Na3 Be7 10. Nc4 O-O 11. O-O Rb8 12. a4 Nd5 13. Nce5 Nxe5 14. Bxe5 Bd6 15.
d4 cxd4 16. Bxd4 b5 17. axb5 axb5 18. Ne5 Qc7 19. c4 bxc4 20. bxc4 Ne7 21. c5
Nf5 22. cxd6 Nxd4 23. dxc7 Nxe2+ 24. Kh1 Rb5 25. Nc6 g6 26. Ne7+ Kg7 27. Ra8 Rc5
28. Rxc8 Rxc8 29. Nxc8 Rxc7 30. Nd6 Rc2 31. Bf3 Nd4 32. Be4 Re2 33. Kg2 Nf5 34.
Bf3 Ra2 35. Nxf5+ exf5 36. Rb1 g5 37. Rb7 Ra6 38. Bd5 Rf6 39. Kf3 f4 40. g4 Kg6
41. Rc7 h5 42. Bxf7+ Kh6 43. gxh5 1-0

[Event "34th Zalakaros Open 2015"]
[Site "Zalakaros HUN"]
[Date "2015.05.20"]
[Round "7.29"]
[White "Peczely, Sebastian Zsombor"]
[Black "Morrison, Graham SCO"]
[Result "1/2-1/2"]
[BlackTitle "FM"]
[WhiteElo "2260"]
[BlackElo "2351"]
[WhiteFideId "750964"]
[BlackFideId "2400090"]
[EventDate "2015.05.14"]
[EventType "swiss"]

1. e4 c5 2. Nf3 e6 3. d4 cxd4 4. Nxd4 Nc6 5. Nc3 d6 6. Be3 Nf6 7. Qe2 Be7 8.
O-O-O O-O 9. g4 a6 10. g5 Nxd4 11. Bxd4 Nd7 12. h4 b5 13. a3 Re8 14. f4 Bb7 15.
Kb1 Bf8 16. Bh3 e5 17. Be3 exf4 18. Bxd7 Qxd7 19. Bxf4 Rac8 20. Qf3 Qe6 21. Rhe1
Rc4 22. h5 a5 23. Qg3 b4 24. Nd5 Bxd5 25. exd5 Qf5 26. Bxd6 Qxc2+ 27. Ka1 Re2
28. Rb1 Rxe1 29. Rxe1 Rc3 30. Qh2 Rxa3+ 31. bxa3 Qc3+ 32. Ka2 b3+ 33. Kb1 Qxe1+
34. Kb2 a4 35. Bxf8 Kxf8 36. Qb8+ Qe8 37. Qb4+ Kg8 38. Qd2 Qe5+ 39. Kb1 Qd6 40.
Qa5 Qxa3 41. Qa8+ Qf8 42. Qxa4 h6 43. Qc6 Qa3 44. Qe8+ Qf8 45. Qc6 Qa3 1/2-1/2

[Event "34th Zalakaros Open 2015"]
[Site "Zalakaros HUN"]
[Date "2015.05.20"]
[Round "7.30"]
[White "Kozak, Adam"]
[Black "Warakomska, Anna"]
[Result "1/2-1/2"]
[WhiteTitle "FM"]
[BlackTitle "WFM"]
[WhiteElo "2341"]
[BlackElo "2260"]
[WhiteFideId "753246"]
[BlackFideId "1130790"]
[EventDate "2015.05.14"]
[EventType "swiss"]

1. d4 Nf6 2. c4 e6 3. Nc3 Bb4 4. e3 O-O 5. Bd3 d5 6. Nf3 c5 7. O-O cxd4 8. exd4
dxc4 9. Bxc4 b6 10. Bg5 Bb7 11. Re1 Nbd7 12. Rc1 Rc8 13. Bd3 Re8 14. Qe2 Bxc3
15. bxc3 Qc7 16. c4 h6 17. Bd2 Bxf3 18. Qxf3 e5 19. d5 Nc5 20. Bc2 e4 21. Qh3
Nfd7 22. Re3 Qf4 23. Rd1 Qd6 24. Rg3 Kf8 25. Bc3 Ne5 26. Qf5 g6 27. Qf4 g5 28.
Bxe5 Qxe5 29. Qc1 f5 30. Re3 Kg7 31. Qa3 Re7 32. Ree1 f4 33. Qb4 Qf6 34. Qd2
Rce8 35. a4 Nb7 36. d6 e3 37. fxe3 Rxe3 38. Rxe3 fxe3 39. Qd3 e2 40. Re1 Nc5 41.
Qh7+ 1/2-1/2

[Event "34th Zalakaros Open 2015"]
[Site "Zalakaros HUN"]
[Date "2015.05.20"]
[Round "7.31"]
[White "Kaczur, Florian"]
[Black "Mokal, Amruta Sunil"]
[Result "1/2-1/2"]
[WhiteElo "2336"]
[BlackElo "2130"]
[WhiteFideId "705098"]
[BlackFideId "5016371"]
[EventDate "2015.05.14"]
[EventType "swiss"]

1. e4 c5 2. Nf3 e6 3. d4 cxd4 4. Nxd4 a6 5. Nc3 Qc7 6. Be2 Nf6 7. O-O Nc6 8. Be3
d6 9. f4 Be7 10. Qe1 O-O 11. Qg3 d5 12. e5 Nxd4 13. Bxd4 Bc5 14. Qe3 Bxd4 15.
Qxd4 Nd7 16. Bd3 Qc5 17. Ne2 Qxd4+ 18. Nxd4 Nc5 19. Kf2 f6 20. Ke3 Bd7 21. g4
fxe5 22. fxe5 g5 23. b4 Nxd3 24. cxd3 Rac8 25. Kd2 b6 26. h3 Kg7 27. Rfc1 Rxc1
28. Rxc1 Rc8 29. Rxc8 Bxc8 30. a4 Bd7 31. a5 bxa5 32. bxa5 Kf7 33. Kc3 Ke7 34.
Kb4 Kd8 35. Kc5 Kc7 36. Nf3 h6 37. Nd4 Bc8 38. Nc6 Bd7 39. Nd4 Bc8 40. Kb4 Bd7
41. Nf3 Bb5 42. Kc3 Ba4 43. Kd2 Be8 44. Nd4 Kd7 45. Kc3 Bg6 46. Nb3 Kc6 47. Nd4+
Kd7 48. Nf3 Kc6 49. h4 gxh4 50. Nxh4 Bh7 51. Kb4 1/2-1/2

[Event "34th Zalakaros Open 2015"]
[Site "Zalakaros HUN"]
[Date "2015.05.20"]
[Round "7.32"]
[White "Schreiner, Peter"]
[Black "Dankhazi, Andras"]
[Result "1/2-1/2"]
[WhiteTitle "IM"]
[BlackTitle "FM"]
[WhiteElo "2449"]
[BlackElo "2223"]
[WhiteFideId "1621645"]
[BlackFideId "714267"]
[EventDate "2015.05.14"]
[EventType "swiss"]

1. d4 Nf6 2. c4 g6 3. Nc3 d5 4. cxd5 Nxd5 5. e4 Nxc3 6. bxc3 Bg7 7. Be3 c5 8.
Nf3 Qa5 9. Qd2 Nc6 10. Rb1 a6 11. Rc1 cxd4 12. cxd4 Qxd2+ 13. Kxd2 e6 14. h4 O-O
15. Bd3 Bd7 16. h5 Rfc8 17. e5 Nb4 18. Be4 Rxc1 19. Rxc1 Bc6 20. Bxc6 Nxc6 21.
hxg6 hxg6 22. Bg5 Rf8 23. Rb1 b5 24. Bf6 Rc8 25. g4 Nb8 26. g5 Nd7 27. Kd3 Nb6
28. Nd2 Nd5 29. Ne4 Rc4 30. Nd6 Rc3+ 31. Kd2 Rc6 32. Bxg7 Kxg7 33. Rb3 Kg8 34.
Rf3 Rc7 35. Ra3 Rc6 36. Ne4 Rc4 37. Rd3 Kf8 38. Nd6 Rc7 39. Ra3 Rc6 40. Rh3 Kg8
41. Rf3 Rc7 42. Ra3 Rc6 43. Ne8 Rc4 44. Rxa6 Rxd4+ 45. Kc1 Rc4+ 46. Kb2 Rf4 47.
Ra8 Rxf2+ 48. Kb3 Kh7 49. Ra7 Rf5 50. Nf6+ Nxf6 51. Rxf7+ Kg8 52. Rxf6 Rxe5 53.
Rxg6+ Kf7 54. Rf6+ Ke7 55. Rg6 Kf7 1/2-1/2

[Event "34th Zalakaros Open 2015"]
[Site "Zalakaros HUN"]
[Date "2015.05.20"]
[Round "7.33"]
[White "Schachinger, Mario"]
[Black "Balint, Vilmos"]
[Result "1-0"]
[WhiteTitle "IM"]
[WhiteElo "2421"]
[BlackElo "2238"]
[WhiteFideId "1616773"]
[BlackFideId "718050"]
[EventDate "2015.05.14"]
[EventType "swiss"]

1. d4 Nf6 2. c4 e6 3. Nf3 c5 4. d5 b5 5. e4 Nxe4 6. Bd3 Nf6 7. O-O bxc4 8. Bxc4
Na6 9. Nc3 Bb7 10. Re1 Qb6 11. Bf4 Be7 12. Ng5 Bc8 13. Be5 O-O 14. d6 Bd8 15.
Re3 h6 16. Rh3 Ne8 17. Nce4 f6 18. Rxh6 gxh6 19. Qh5 Kg7 20. Bc3 Nxd6 21. Bd3
Nf5 22. g4 d5 23. gxf5 exf5 24. Kh1 Qb7 25. Rg1 Rg8 26. Ne6+ Kh8 27. Qxh6+ Qh7
28. Rxg8+ 1-0

[Event "34th Zalakaros Open 2015"]
[Site "Zalakaros HUN"]
[Date "2015.05.20"]
[Round "7.34"]
[White "Grimm, Daniel"]
[Black "Vegh, Endre"]
[Result "1/2-1/2"]
[WhiteTitle "FM"]
[BlackTitle "IM"]
[WhiteElo "2255"]
[BlackElo "2272"]
[WhiteFideId "740080"]
[BlackFideId "700568"]
[EventDate "2015.05.14"]
[EventType "swiss"]

1. c4 g6 2. Nc3 c5 3. Nf3 Bg7 4. d4 cxd4 5. Nxd4 Nc6 6. e3 Nf6 7. Be2 O-O 8. O-O
d6 9. b3 d5 10. Nxc6 bxc6 11. Bb2 Be6 12. cxd5 cxd5 13. Na4 Qd6 14. Bd4 Rfc8 15.
Rc1 Rxc1 16. Qxc1 Ne4 17. f3 Bxd4 18. exd4 Rc8 19. Qe3 Nf6 20. Nc5 Bf5 21. Re1
Nd7 22. b4 Qb6 23. a3 e5 24. Bf1 exd4 25. Qxd4 Nxc5 26. bxc5 Qc6 27. Rc1 Be6 28.
g4 Rb8 29. Bd3 Rb3 30. a4 a6 31. Rb1 Rxb1+ 32. Bxb1 Bd7 33. Bc2 Qe6 34. Kf2 Bc6
35. Bb3 Qd7 36. Bc2 Qc7 37. Kg2 Qe7 38. Bd3 a5 39. Kf2 Qc7 40. Kg2 Qe7 41. Kf1
Qd7 42. Bc2 Qc7 43. Kg2 Qe7 44. Kf1 Qc7 45. Kg2 1/2-1/2

[Event "34th Zalakaros Open 2015"]
[Site "Zalakaros HUN"]
[Date "2015.05.20"]
[Round "7.35"]
[White "Marosi, Levente"]
[Black "Rigo, Janos"]
[Result "1-0"]
[WhiteTitle "FM"]
[BlackTitle "IM"]
[WhiteElo "2153"]
[BlackElo "2264"]
[WhiteFideId "747181"]
[BlackFideId "700371"]
[EventDate "2015.05.14"]
[EventType "swiss"]

1. e4 c5 2. Nf3 Nc6 3. d4 cxd4 4. Nxd4 Nf6 5. Nc3 d6 6. Bg5 Qb6 7. Bxf6 gxf6 8.
Nb3 Be6 9. Qd2 Rc8 10. O-O-O h5 11. Kb1 Bh6 12. f4 Na5 13. g3 Nc4 14. Bxc4 Rxc4
15. Nd5 Qd8 16. Qd3 Qc8 17. Nd4 Rc5 18. Nxe7 Kxe7 19. Nf5+ Kf8 20. Qxd6+ Kg8 21.
Ne7+ Kh7 22. Nxc8 Rhxc8 23. f5 Bc4 24. Qxf6 Bg7 25. Qg5 Be2 26. Rd7 Rxc2 27.
Rxf7 Rxb2+ 28. Ka1 Rb1+ 1-0

[Event "34th Zalakaros Open 2015"]
[Site "Zalakaros HUN"]
[Date "2015.05.20"]
[Round "7.36"]
[White "Papp, Petra"]
[Black "Nomin-Erdene, Davaademberel"]
[Result "1-0"]
[WhiteTitle "WGM"]
[BlackTitle "WFM"]
[WhiteElo "2297"]
[BlackElo "2337"]
[WhiteFideId "739049"]
[BlackFideId "4900782"]
[EventDate "2015.05.14"]
[EventType "swiss"]

1. e4 c6 2. d4 d5 3. Nd2 dxe4 4. Nxe4 h6 5. Nf3 Bf5 6. Ng3 Bh7 7. Bd3 Bxd3 8.
Qxd3 Nd7 9. Bd2 e6 10. O-O-O Ngf6 11. h4 Be7 12. Kb1 Rc8 13. Ne4 Nxe4 14. Qxe4
Nf6 15. Qe2 Qd5 16. Be3 Ng4 17. Bc1 Bd6 18. Nd2 Nf6 19. g4 Bc7 20. Rhg1 Qxd4 21.
g5 hxg5 22. hxg5 Nd5 23. g6 Qe5 24. gxf7+ Kxf7 25. Qg4 Rcg8 26. Nf3 Qf5 27. Ng5+
Kf6 28. Qd4+ Be5 29. Qc4 Ke7 30. Ne4 Bf4 31. Qc5+ Kd7 32. Bxf4 Qxf4 33. f3 Kc7
34. Qxa7 Rh6 35. Nc5 Qxf3 36. Rgf1 Qh5 37. Qxb7+ Kd6 38. Na6 Ke5 39. Qxc6 1-0

[Event "34th Zalakaros Open 2015"]
[Site "Zalakaros HUN"]
[Date "2015.05.20"]
[Round "7.37"]
[White "Nemeth, Zoltan"]
[Black "Laza, Szabolcs"]
[Result "1-0"]
[WhiteTitle "IM"]
[WhiteElo "2306"]
[BlackElo "2176"]
[WhiteFideId "700657"]
[BlackFideId "741345"]
[EventDate "2015.05.14"]
[EventType "swiss"]

1. e4 c5 2. c4 Nc6 3. g3 e5 4. Bg2 g6 5. d3 Bg7 6. Nc3 Nge7 7. Rb1 d6 8. a3 O-O
9. Nge2 f5 10. f4 Be6 11. O-O Qd7 12. b4 Rab8 13. fxe5 Bxe5 14. Bh6 Rf7 15. Qd2
fxe4 16. Rxf7 Bxf7 17. Nxe4 cxb4 18. Rf1 Nf5 19. Bf4 Qd8 20. g4 Nfd4 21. Nxd4
Bxd4+ 22. Kh1 Ne5 23. Bg5 Qc7 24. Nf6+ Kg7 25. Qf4 Bc3 26. Nd5 Qd8 1-0

[Event "34th Zalakaros Open 2015"]
[Site "Zalakaros HUN"]
[Date "2015.05.20"]
[Round "7.38"]
[White "Bodi, Tibor"]
[Black "Boguszlavszkij, Jevgenyij"]
[Result "0-1"]
[BlackTitle "IM"]
[WhiteElo "2204"]
[BlackElo "2216"]
[WhiteFideId "701084"]
[BlackFideId "700614"]
[EventDate "2015.05.14"]
[EventType "swiss"]

1. e4 c6 2. d4 d5 3. exd5 cxd5 4. Bd3 Nc6 5. c3 e5 6. dxe5 Nxe5 7. Bb5+ Nc6 8.
Nf3 Bc5 9. O-O Ne7 10. Nbd2 O-O 11. Nb3 Bd6 12. h3 Bc7 13. Be3 Nf5 14. Bc5 Nd6
15. Bd3 b6 16. Be3 Nc4 17. Bxc4 dxc4 18. Nbd2 Qd5 19. Nd4 Ne5 20. Qc2 Bb7 21. f3
Nd3 22. Kh1 Rae8 23. Bg1 Nf4 24. Qf5 Ne2 25. Bh2 Bxh2 26. Kxh2 Qd6+ 27. f4 Nxd4
28. cxd4 Qxd4 29. Nf3 Bxf3 30. Rxf3 Qxb2 31. Rd1 c3 32. Rb1 Qd2 33. Qd3 Re2 34.
Qxd2 cxd2 35. Rd1 Rd8 36. Rc3 g6 37. Rc2 Rd3 38. a4 h5 39. a5 bxa5 40. Ra2 h4
41. f5 Rg3 42. Raa1 Rgxg2+ 43. Kh1 Rg3 44. fxg6 Rxh3+ 45. Kg1 Rhe3 46. gxf7+ Kf8
47. Rf1 Re1 48. Kf2 R3e2+ 49. Kf3 Rxf1+ 0-1

[Event "34th Zalakaros Open 2015"]
[Site "Zalakaros HUN"]
[Date "2015.05.20"]
[Round "7.39"]
[White "Csati, Oliver"]
[Black "Juhasz, Armin"]
[Result "0-1"]
[BlackTitle "FM"]
[WhiteElo "2189"]
[BlackElo "2303"]
[WhiteFideId "702170"]
[BlackFideId "724270"]
[EventDate "2015.05.14"]
[EventType "swiss"]

1. d4 Nf6 2. c4 e6 3. g3 Bb4+ 4. Bd2 a5 5. Bg2 d6 6. Nc3 O-O 7. a3 Bxc3 8. Bxc3
a4 9. e4 Nc6 10. f4 e5 11. d5 Na5 12. Bxa5 Rxa5 13. f5 c6 14. b4 axb3 15. Qxb3
Rc5 16. Ne2 Qa5+ 17. Kf2 Qa7 18. Kf3 b5 19. dxc6 bxc4 20. Qe3 Bxf5 21. Nc3 Be6
22. h3 0-1

[Event "34th Zalakaros Open 2015"]
[Site "Zalakaros HUN"]
[Date "2015.05.21"]
[Round "8.1"]
[White "Boruchovsky, Avital"]
[Black "Kovalenko, Igor"]
[Result "0-1"]
[WhiteTitle "GM"]
[BlackTitle "GM"]
[WhiteElo "2517"]
[BlackElo "2650"]
[WhiteFideId "2800055"]
[BlackFideId "14117908"]
[EventDate "2015.05.14"]

1. Nf3 d5 2. c4 e6 3. g3 Nf6 4. Bg2 Be7 5. d4 O-O 6. O-O c6 7. b3 b6 8. Qc2 Nbd7
9. Nc3 Ba6 10. Bb2 Rc8 11. e4 dxc4 12. Rfd1 Qc7 13. e5 Nd5 14. bxc4 Bxc4 15. Ne4
b5 16. Neg5 g6 17. Qe4 Kg7 18. h4 N7b6 19. h5 Na4 20. Bc1 Nac3 21. Qh4 Ne2+ 22.
Kh2 Nxc1 23. h6+ Kg8 24. Rdxc1 Bd3 25. Bf1 Bxf1 26. Rxf1 c5 27. Qg4 c4 28. Ne4
c3 29. Rfc1 a5 30. Nfd2 a4 31. a3 Qb6 32. Nf1 Kh8 33. Qd1 Rc4 34. Ne3 Rxd4 35.
Qf3 Qb8 36. Nxd5 Rxd5 37. Nd6 f6 38. Rxc3 fxe5 39. Nf7+ Kg8 40. Qg4 Qb6 41. Ng5
Bxg5 42. Qxg5 Qxf2+ 43. Kh3 e4 0-1

[Event "34th Zalakaros Open 2015"]
[Site "Zalakaros HUN"]
[Date "2015.05.21"]
[Round "8.2"]
[White "Ragger, Markus"]
[Black "Berkes, Ferenc"]
[Result "1/2-1/2"]
[WhiteTitle "GM"]
[BlackTitle "GM"]
[WhiteElo "2668"]
[BlackElo "2664"]
[WhiteFideId "1610856"]
[BlackFideId "718572"]
[EventDate "2015.05.14"]

1. Nf3 Nf6 2. c4 g6 3. Nc3 Bg7 4. e4 d6 5. d4 O-O 6. Be2 e5 7. O-O Qe8 8. dxe5
dxe5 9. b4 Bg4 10. b5 Bxf3 11. Bxf3 Qe6 12. Nd5 Rc8 13. Nxf6+ Qxf6 14. Bg4 Rd8
15. Qe2 h5 16. Bh3 Nd7 17. Bxd7 Rxd7 1/2-1/2

[Event "34th Zalakaros Open 2015"]
[Site "Zalakaros HUN"]
[Date "2015.05.21"]
[Round "8.3"]
[White "Adhiban, Baskaran"]
[Black "Papp, Gabor1"]
[Result "1-0"]
[WhiteTitle "GM"]
[BlackTitle "GM"]
[WhiteElo "2636"]
[BlackElo "2594"]
[WhiteFideId "5018471"]
[BlackFideId "718602"]
[EventDate "2015.05.14"]

1. e4 e5 2. Nf3 Nf6 3. Nxe5 d6 4. Nf3 Nxe4 5. d4 d5 6. Bd3 Nc6 7. O-O Be7 8. Nc3
Nxc3 9. bxc3 O-O 10. h3 Be6 11. Re1 h6 12. Rb1 Rb8 13. Bf4 Bd6 14. Ne5 Nxe5 15.
dxe5 Be7 16. Qh5 Bg5 17. Bg3 Kh8 18. f4 g6 19. Qf3 Bh4 20. Qf2 Bxg3 21. Qxg3 Rg8
22. Qe3 Qh4 23. g3 Qh5 24. g4 Qh4 25. Kg2 b6 26. Qg3 Qxg3+ 27. Kxg3 c5 28. a4
Rbd8 29. Red1 Bd7 30. a5 bxa5 31. Rb7 a6 32. Ra7 c4 33. Bxc4 dxc4 34. Rdxd7 Rxd7
35. Rxd7 Kg7 36. Ra7 Rb8 37. f5 gxf5 38. gxf5 Kg8 39. f6 Rb6 40. Kg4 Re6 41. Kh5
Kh7 42. Re7 a4 43. h4 Kg8 44. Ra7 Kf8 45. Ra8+ Re8 46. Rxa6 Rxe5+ 47. Kxh6 Ke8
48. Kg7 Re3 49. Ra8+ Kd7 50. h5 Rxc3 51. h6 Ke6 52. Re8+ Kd5 1-0

[Event "34th Zalakaros Open 2015"]
[Site "Zalakaros HUN"]
[Date "2015.05.21"]
[Round "8.4"]
[White "Efimenko, Zahar"]
[Black "Medvegy, Zoltan"]
[Result "1/2-1/2"]
[WhiteTitle "GM"]
[BlackTitle "GM"]
[WhiteElo "2656"]
[BlackElo "2535"]
[WhiteFideId "14107201"]
[BlackFideId "708402"]
[EventDate "2015.05.14"]

1. e4 c6 2. Ne2 d5 3. e5 Bf5 4. Nd4 Bg6 5. h4 h5 6. e6 Qd6 7. exf7+ Bxf7 8. Nf3
e5 9. d4 e4 10. Ng5 Qc7 11. c4 Nf6 12. Qb3 Bd6 13. Nc3 O-O 14. Be2 a6 15. c5 Be7
16. g3 Nbd7 17. Bf4 Qc8 18. Qd1 Bg6 19. Na4 Ng4 20. Bxg4 hxg4 21. Qd2 Bf5 22.
O-O-O a5 23. h5 Rf6 24. b3 Qd8 25. Kb2 Nf8 1/2-1/2

[Event "34th Zalakaros Open 2015"]
[Site "Zalakaros HUN"]
[Date "2015.05.21"]
[Round "8.5"]
[White "Melkumyan, Hrant"]
[Black "Horvath, Adam1"]
[Result "0-1"]
[WhiteTitle "GM"]
[BlackTitle "GM"]
[WhiteElo "2654"]
[BlackElo "2528"]
[WhiteFideId "13302485"]
[BlackFideId "708003"]
[EventDate "2015.05.14"]

1. d4 Nf6 2. c4 e6 3. g3 Bb4+ 4. Bd2 Qe7 5. Bg2 Bxd2+ 6. Qxd2 d6 7. Nc3 e5 8.
Nf3 O-O 9. O-O Re8 10. h3 e4 11. Ne1 Nbd7 12. Nc2 Nf8 13. Ne3 c6 14. Rae1 Nh5
15. Nxe4 f5 16. Nc3 f4 17. Ng4 fxg3 18. fxg3 Nxg3 19. Rf3 Nf5 20. Ref1 h5 21.
Nh2 Ne3 22. R1f2 Nxc4 23. Qc1 Ne3 24. Nf1 Nxf1 25. Qxf1 Nh7 26. d5 Ng5 27. Rf4
Bd7 28. h4 Nh7 29. Rf7 Qd8 30. Be4 Nf6 31. R2xf6 gxf6 32. Rxf6 Re7 33. Qf4 Rg7+
34. Kh2 Qe7 35. dxc6 bxc6 36. Qxd6 Qxd6+ 37. Rxd6 Rf8 38. Bg6 Rf4 39. Rxd7 Rxd7
40. Kh3 Rdd4 41. Be8 Rxh4+ 42. Kg3 Rdg4+ 43. Kf2 Rf4+ 44. Kg3 Rhg4+ 45. Kh3 h4
46. Bxc6 Rg3+ 47. Kh2 Rf2+ 48. Kh1 Rxc3 49. bxc3 Rxe2 50. Bg2 Kf8 0-1